| 000 | 00719nam a2200205 i 4500 | ||
|---|---|---|---|
| 001 | 150696 | ||
| 003 | ES-MaACL | ||
| 005 | 20251019063053.0 | ||
| 007 | t| | ||
| 008 | 071106q19401949sp ||||1| spa d | ||
| 100 | 1 |
_aDostoievski, Fiódor, _d1821-1881 _9242371 |
|
| 245 | 1 | 0 |
_aCartas inéditas de Dostoyevski / _ctraducción de Daniel Villena ; con cinco ensayos de Dostoyevski no incluídos hasta ahora en ninguna edición española. |
| 260 |
_a[Madrid : _bCarlos-Jaime, _c194-?] |
||
| 300 |
_a262 p. ; _c20 cm. |
||
| 490 | 1 | _aDocumentos geniales | |
| 830 | 0 |
_aDocumentos geniales _9221160 |
|
| 852 |
_aES-MaACL _jD-6147 _bR.29564 |
||
| 852 |
_aES-MaACL _jD-5259 _bR.29968 |
||
| 999 |
_c150696 _d150696 |
||